Catálogo - Centro de Recursos para el Aprendizaje y la Investigación

Volver al Sitio - CRAI Biblioteca
Vista normal Vista MARC
  • Coradín Martínez, David

Entrada Nombre personal

Número de registros utilizados en: 1

001 - NÚMERO DE CONTROL

  • campo de control: 204246

003 - IDENTIFICADOR DEL NÚMERO DE CONTROL

  • campo de control: DR-UNIBE

005 - FECHA Y HORA DE LA ÚLTIMA TRANSACCIÓN

  • campo de control: 20260421152832.0

008 - DATOS DE LONGITUD FIJA

  • campo de control de longitud fija: 260421|| aca||aabn | a|a d

040 ## - FUENTE DE LA CATALOGACIÓN

  • Centro catalogador/agencia de origen: DR-UNIBE
  • Centro/agencia transcriptor: DR-UNIBE

100 ## - ENCABEZAMIENTO-NOMBRE DE PERSONA

  • Nombre de persona: Coradín Martínez, David

670 ## - FUENTE DE DATOS ENCONTRADOS

  • Cita de la fuente: Work cat.: (DR-UNIBE)41632: Rijo Cedeño, Jefferson 32867, Conocimiento actitud y práctica (CAP) sobre el cáncer de próstata en hombres de 40 a 70 años que acuden a la consulta general del Hospital Dr. Francisco Moscoso Puello Septiembre 2013 / , 2013